Statistiche per Oscar del calcio AIC 2007

Clicka qui per fare il quiz!

Statistiche generali

  • Questo quiz è stato fatto 19 volte
  • Il punteggio medio è 6 su 10

Statistiche sulle risposte

CategoriaNazioneSquadraVincitore% Corretto
Migliore calciatore italianoItaliaRomaFrancesco Totti
100%
Migliore calciatore stranieroBrasileMilanKaká
100%
Migliore calciatore assolutoBrasileMilanKaká
72%
Migliore difensoreItaliaInterMarco Materazzi
72%
Migliore allenatoreItaliaRomaLuciano Spalletti
67%
Migliore portiereItaliaLazioAngelo Peruzzi
56%
Campione dei CampioniBrasileInterRonaldo
56%
Migliore arbitro--Roberto Rosetti
39%
Miglior golItaliaAtalantaRiccardo Zampagna
17%
Migliore calciatore giovaneItaliaFiorentinaRiccardo Montolivo
11%

Distribuzione punteggi

Percentile per numero di risposta

Percentuale di utenti per punteggio

I tuoi punteggi nel tempo

Non hai fatto questo quiz